Chargement en cours…

Deconstruction machines : writing in the age of cyberwar /

Détails bibliographiques
Cote:Libro Electrónico
Auteur principal: Joque, Justin, 1984- (Auteur)
Format: Électronique eBook
Langue:Inglés
Publié: Minneapolis, MN : University of Minnesota Press, [2018]
Collection:Electronic mediations ; v. 54.
Sujets:
Accès en ligne:Texto completo

MARC

LEADER 00000cam a2200000 i 4500
001 JSTOR_on1023535239
003 OCoLC
005 20231005004200.0
006 m o d
007 cr |n|||||||||
008 180217s2018 mnu ob 001 0 eng d
040 |a YDX  |b eng  |e rda  |e pn  |c YDX  |d OCLCO  |d N$T  |d P@U  |d N$T  |d EBLCP  |d JSTOR  |d TFW  |d OCLCF  |d UAB  |d EZ9  |d MERUC  |d OCLCQ  |d UUM  |d OCLCQ  |d INT  |d OCLCQ  |d UX1  |d OCLCO  |d OCLCQ  |d OCLCO  |d OCLCQ  |d OCLCO 
019 |a 1175637511 
020 |a 9781452957272  |q (electronic bk.) 
020 |a 1452957274  |q (electronic bk.) 
020 |z 9781517902513  |q (hc ;  |q alk. paper) 
020 |z 1517902517  |q (hc ;  |q alk. paper) 
020 |z 9781517902520  |q (pb ;  |q alk. paper) 
020 |z 1517902525  |q (pb ;  |q alk. paper) 
029 1 |a AU@  |b 000062624573 
029 1 |a AU@  |b 000062625241 
029 1 |a AU@  |b 000068771449 
029 1 |a CHNEW  |b 000987165 
029 1 |a CHVBK  |b 509400825 
035 |a (OCoLC)1023535239  |z (OCoLC)1175637511 
037 |a 22573/ctt20qtx03  |b JSTOR 
050 4 |a B809.6 
072 7 |a PHI  |x 009000  |2 bisacsh 
072 7 |a PHI  |x 027000  |2 bisacsh 
072 7 |a COM079000  |2 bisacsh 
072 7 |a PHI038000  |2 bisacsh 
072 7 |a SOC045000  |2 bisacsh 
082 0 4 |a 149/.97  |2 23 
049 |a UAMI 
100 1 |a Joque, Justin,  |d 1984-  |e author. 
245 1 0 |a Deconstruction machines :  |b writing in the age of cyberwar /  |c Justin Joque ; foreword by Catherine Malabou. 
264 1 |a Minneapolis, MN :  |b University of Minnesota Press,  |c [2018] 
264 4 |c ©2018 
300 |a 1 online resource (xv, 248 pages) 
336 |a text  |b txt  |2 rdacontent 
337 |a computer  |b c  |2 rdamedia 
338 |a online resource  |b cr  |2 rdacarrier 
490 1 |a Electronic mediations ;  |v v. 54 
504 |a Includes bibliographical references (pages 203-238) and index. 
505 0 |a Root kit -- Buffer overflow: the space and time of cyberwar -- Injection attack: writing and the information catastrophe -- Distributed denial of service: cybernetic sovereignty -- Spear phishing: nodal subjects -- Firmware vulnerabilities. 
590 |a JSTOR  |b Books at JSTOR Evidence Based Acquisitions 
590 |a JSTOR  |b Books at JSTOR All Purchased 
590 |a JSTOR  |b Books at JSTOR Demand Driven Acquisitions (DDA) 
650 0 |a Cyberterrorism. 
650 0 |a Deconstruction. 
650 0 |a Deconstructivism (Architecture) 
650 6 |a Cyberterrorisme. 
650 6 |a Déconstruction. 
650 6 |a Déconstructivisme (Architecture) 
650 7 |a Deconstructivist.  |2 aat 
650 7 |a deconstruction (theory)  |2 aat 
650 7 |a PHILOSOPHY  |x History & Surveys  |x General.  |2 bisacsh 
650 7 |a PHILOSOPHY  |x Movements  |x Deconstruction.  |2 bisacsh 
650 7 |a COMPUTERS  |x Social Aspects  |x General.  |2 bisacsh 
650 7 |a Cyberterrorism  |2 fast 
650 7 |a Deconstruction  |2 fast 
776 0 8 |i Print version:  |a Joque, Justin, 1984-  |t Deconstruction machines.  |d Minneapolis : University of Minnesota Press, 2018  |z 9781517902513  |w (DLC) 2017018694  |w (OCoLC)1007306257 
830 0 |a Electronic mediations ;  |v v. 54. 
856 4 0 |u https://jstor.uam.elogim.com/stable/10.5749/j.ctt20vxpw5  |z Texto completo 
938 |a EBL - Ebook Library  |b EBLB  |n EBL5295665 
938 |a EBSCOhost  |b EBSC  |n 1614007 
938 |a Project MUSE  |b MUSE  |n muse65545 
938 |a YBP Library Services  |b YANK  |n 15160346 
994 |a 92  |b IZTAP